Johnny Depp (A-Z) Quiz Stats

 Plays Quiz Updated Jan 4, 2021

Support Sporcle.
Go Orange.
Score 0/18 Timer 03:00
0 Plays Today
Letter Movie % Correct
PA Private Resort, Platoon, Pirates of the Caribbean (series), Public Enemies, The Professor
87.8%
EEdward Scissorhands, Ed Wood
82.3%
CCry-Baby, Chocolat, Corpse Bride, Charlie and the Chocolate Factory, City of Lies
79.4%
SSleepy Hollow, The Source, Sweeney Todd, Secret Window, Sherlock Gnomes
68%
AArizona Dream, The Astronaut's Wife, Alice in Wonderland, Alice Through the Looking Glass
56.5%
FFreddy's Dead: The Final Nightmare, Fear and Loathing in Las Vegas, From Hell, Finding Neverland, Fantastic Beasts and Where to Find Them, Fantastic Beasts: The Crimes of Grindelwald
54.6%
WWhat's Eating Gilbert Grape?, Waiting for the Barbarians
44.4%
RRango, The Rum Diary
43.6%
BThe Brave, Benny and Joon, Before Night Falls, Blow, Black Mass
42.7%
Letter Movie % Correct
DDark Shadows, Dead Man, Don Juan DeMarco, Donnie Brasco
36.5%
NA Nightmare On Elm Street, Nick of Time, The Ninth Gate
35.8%
TThe Tourist, Transcendence, Tusk
34.5%
LThe Libertine, The Lone Ranger
16.5%
OOnce Upon A Time In Mexico
13.8%
YYoga Hosers
7.8%
IThe Imaginarium of Doctor Parnassus, Into the Woods
6.6%
MThe Man Who Cried, Mortdecai, Murder on the Orient Express, Minamata
6.6%
HHappily Ever After
2.2%

From the Vault

What's Being Made?

by CaiustheTall

Robots have some pretty impressive skills these days.
Remove Ads.
Support Sporcle.
Get the best of Sporcle when you Go Orange. This ad-free experience offers more features, more stats, and more fun while also helping to support Sporcle. Thank you for becoming a member.

Show Comments

Extras

Top Quizzes Today


Score Distribution

Your Account Isn't Verified!

In order to create a playlist on Sporcle, you need to verify the email address you used during registration. Go to your Sporcle Settings to finish the process.

Report this User

Report this user for behavior that violates our Community Guidelines.

Details: